• 首页
  • 本馆介绍
  • 公告通知
  • 最新文献
  • 馆藏检索
  • 电子资源
  • 读者导购
  • 参考咨询
  • 我的图书馆
  • 登录
  • 详细信息显示
  • 放入我的书架
  • 预约/预借图书
  • 作者相关作品
  • 分类相关作品
  • 丛书相关作品
  • 出版社相关作品

书目信息

  • 表格格式
  • 工作单格式
  • 卡片格式
题名:
海明威经典作品中的《圣经》文体风格
    
 
作者: 贾国栋 著
分册:  
出版信息: 北京   中国人民大学出版社  2016
页数: 331页
开本: 21cm
丛书名:
单 册:
中图分类: I712.074 , B971.2
科图分类:
主题词:
电子资源:
ISBN: 978-7-300-23481-6
000 01481nam0 22002771 450
001 0115101215
005 20170415101215.0
010    @a978-7-300-23481-6@dCNY52.00
100    @a20161111d2016 em y0chiy50 ea
101 0  @achi@deng
102    @aCN@b110000
105    @ay z 000yy
106    @ar
200 1  @a海明威经典作品中的《圣经》文体风格@Ahai ming wei jing dian zuo pin zhong de sheng jing wen ti feng ge@e《马太福音》与《老人与海》比较研究@dThe Biblical style in Hemingway's classic work@ea comparative study on Matthew and The Old Man and the Sea@f贾国栋著@zeng
210    @a北京@c中国人民大学出版社@d2016
215    @a331页@d21cm
330    @a本书以文学文体分析理论为基础,运用互文性、文本细读、语料库检索与统计等综合性研究方法,从词汇运用、句法结构、修辞手法和语篇连贯四个维度对《马太福音》和《老人与海》进行了深入分析,以量化数据支撑的方式推导出显性结论,认为后者对前者有十分明显的承接关系,两个文本之间在四个维度上存在着极高的相似度。
510 1  @aBiblical style in Hemingway's classic work@ea comparative study on Matthew and The Old Man and the Sea@zeng
517 1  @a《马太福音》与《老人与海》比较研究@Ama tai fu yin yu lao ren yu hai bi jiao yan jiu
600  0 @a海明威@Ahai ming wei@c(Hemingway, Ernest@f1899-1961)@x小说@x文体@x文学研究
605    @a《圣经》@Asheng jing@x研究
690    @aI712.074@v5
690    @aB971.2@v5
701  0 @a贾国栋@Ajia guo dong@c(英语)@4著
801  0 @aCN@bTANGWEI@c20170308
905    @b0965503-6@dI712.074@e874@f4
    
    海明威经典作品中的《圣经》文体风格:《马太福音》与《老人与海》比较研究=The Biblical style in Hemingway's classic work:a comparative study on Matthew and The Old Man and the Sea/贾国栋著.-北京:中国人民大学出版社,2016
    331页;21cm
    
    
    ISBN 978-7-300-23481-6:CNY52.00
    本书以文学文体分析理论为基础,运用互文性、文本细读、语料库检索与统计等综合性研究方法,从词汇运用、句法结构、修辞手法和语篇连贯四个维度对《马太福音》和《老人与海》进行了深入分析,以量化数据支撑的方式推导出显性结论,认为后者对前者有十分明显的承接关系,两个文本之间在四个维度上存在着极高的相似度。
●
相关链接 在E读中查询图书 在五车中查询图书 在当当中查询图书 在豆瓣中查询图书


正题名:海明威经典作品中的《圣经》文体风格     索取号:I712.074/874         预约/预借

序号 登录号 条形码 馆藏地/架位号 状态 备注
1 0965503   209655032   第一样本阅览室/ [索取号:I712.074/874] 在馆    
2 0965504   209655041   第二借阅区/ [索取号:I712.074/874] 在馆    
3 0965505   209655050   第二借阅区/ [索取号:I712.074/874] 在馆    
4 0965506   209655069   第二借阅区/ [索取号:I712.074/874] 在馆    
唐山师范学院图书馆 欢迎您!
大连网信软件有限公司© 版权所有